| 000 | 00461nam a2200121Ia 4500 | ||
|---|---|---|---|
| 008 | 220620s9999||||xx |||||||||||||| ||und|| | ||
| 100 | _aTorrey, E. Fuller | ||
| 245 | 0 |
_aParasites, Pussycats and Psychosis _bThe Unknown Dangers of Human Toxoplasmosis |
|
| 546 | _aEnglish[eng] | ||
| 650 | _aOpen Access||zoonosis||Toxoplasma gondii||domestication||madness | ||
| 856 | _uhttps://library.oapen.org/bitstream/20.500.12657/51941/1/978-3-030-86811-6.pdf | ||
| 942 | _cEB | ||
| 999 |
_c34978 _d34978 |
||